000 00657nam a22001937a 4500
005 20150717111826.0
010 _aENG-113097
020 _a9789382420255
_c595.00
035 _aEN-96629
037 _bDBAD/PUB
082 _a363.7
100 _aDash, Dhanalaxmi
245 _aPeople who make a change :
_cby Dhanalaxmi Dash [and] Mahendra K. Satapathy
_bmen and women in environmental movements /
260 _bKunal Books
_c2013
_aNew Delhi
270 _b New Delhi
_e110002
_a4648/21, First Floor, Ansari Road, Daryaganj,
300 _axii,156p. :
_c23cm(Hb)
_bill.
700 _aSatapathy, Mahendra K.
942 _2ddc
_cEN
_mDAS
_h363.7
999 _c93643
_d93643